Catalog

Record Details

Catalog Search



The North American guide to common poisonous ... Read More

Aderkas, P. von.(Added Author). Turner, Nancy J., 1947- Common poisonous plants and mushrooms of North America.(Added Author).

Available copies

  • 1 of 1 copy available at LARL/NWRL Consortium.

Current holds

0 current holds with 1 total copy.

Show Only Available Copies
Location Call Number / Copy Notes Barcode Shelving Location Status Due Date
Hallock Public Library 581.6 TUR (Text) 35500004726699 Main Available -

Record details

  • ISBN: 9780881929294
  • ISBN: 0881929298
  • Physical Description: 371 p. : ill. (chiefly col.) ; 24 cm.
  • Publisher: Portland : Timber Press, 2009.

Content descriptions

General Note:
Rev. ed. of: Common poisonous plants and mushrooms of North America / Nancy J. Turner and Adam F. ... Read More
Bibliography, etc. Note:
Includes bibliographical references (p. 344-355) ... Read More
Formatted Contents Note:
Poisonous mushrooms -- Poisonous plants of wild ... Read More
Summary, etc.:
"If people knew how many poisonous plants are ... Read More
Subject: Poisonous plants > Identification.
Poisonous plants > Toxicology
Mushrooms, Poisonous > Identification.
Mushrooms, Poisonous > Toxicology.
Poisonous plants > North America > Identification.
Mushrooms, Poisonous > North America > Identification.
LDR 02584cam a22004094a 4500
001122356
003LARL_NWRL_CONSORTIUM
00520100809074701.0
008080812s2009 oruaa b 001 0 eng
010 . ‡a2008035095
020 . ‡a9780881929294
020 . ‡a0881929298
035 . ‡a(OCoLC)244246574
040 . ‡aDNAL/DLC ‡cDLC ‡dBTCTA ‡dBAKER ‡dYDXCP ‡dUKM ‡dC#P ‡dBWX ‡dVP@ ‡dQBX ‡dPUL ‡dCOO ‡dUBY ‡dRSA ‡dGZD
042 . ‡apcc
043 . ‡an------
08200. ‡a581.6/59097 ‡222
1001 . ‡aTurner, Nancy J., ‡d1947- ‡0(LARL_NWRL_CONSORTIUM)52869
24514. ‡aThe North American guide to common poisonous plants and mushrooms / ‡cNancy J. Turner and Patrick von Aderkas.
24630. ‡aGuide to common poisonous plants and mushrooms
24630. ‡aCommon poisonous plants and mushrooms
260 . ‡aPortland : ‡bTimber Press, ‡c2009.
300 . ‡a371 p. : ‡bill. (chiefly col.) ; ‡c24 cm.
504 . ‡aIncludes bibliographical references (p. 344-355) and index.
500 . ‡aRev. ed. of: Common poisonous plants and mushrooms of North America / Nancy J. Turner and Adam F. Szczawinski. c1991.
5050 . ‡aPoisonous mushrooms -- Poisonous plants of wild areas -- Poisonous garden and crop plants -- Poisonous houseplants and subtropical garden plants.
5202 . ‡a"If people knew how many poisonous plants are commonly found in homes and gardens, they'd be shocked. Plants as common as monkshood, castorbean, and oleander are not just dangerous, they're deadly. "The North American Guide to Common Poisonous Plants and Mushrooms" is a comprehensive, easy-to-use handbook. The book is split into four main categories: mushrooms, wild plants, ornamental and crop plants, and houseplants. Each plant entry includes a clear photograph to aid the task of identification, a description of the plant, notes on where they commonly occur, and a description of their toxic properties. Plants are listed by common name to assist the non-specialist." --NHBS Environment Bookstore.
650 0. ‡aPoisonous plants ‡vIdentification.
650 0. ‡aPoisonous plants ‡xToxicology ‡0(LARL_NWRL_CONSORTIUM)159122
650 0. ‡aMushrooms, Poisonous ‡vIdentification.
650 0. ‡aMushrooms, Poisonous ‡xToxicology. ‡0(LARL_NWRL_CONSORTIUM)26313
650 0. ‡aPoisonous plants ‡zNorth America ‡vIdentification.
650 0. ‡aMushrooms, Poisonous ‡zNorth America ‡vIdentification.
7001 . ‡aAderkas, P. von. ‡0(LARL_NWRL_CONSORTIUM)185512
7001 . ‡aTurner, Nancy J., ‡d1947- ‡tCommon poisonous plants and mushrooms of North America.
901 . ‡a122356 ‡bISxN ‡c122356 ‡tbiblio

Additional Resources